Statistics for ESPN's Hall of 100 - Baseball

Click here to take the quiz!

General Stats

  • This quiz has been taken 6,050 times
  • The average score is 63 of 100

Answer Stats

NumberCareerTeamPositionPlayer% Correct
11914-35Red Sox, Yankees, BravesRF/LHPBabe Ruth
98%
31986-2007Pirates, GiantsLFBarry Bonds
94%
21951-73Giants, MetsCFWillie Mays
92%
181994-presentMariners, Rangers, YankeesSS/3BAlex Rodriguez
91%
381995-presentYankeesSSDerek Jeter
91%
51954-76Braves, BrewersRFHank Aaron
91%
711991-2011Rangers, Tigers, othersCIvan Rodriguez
90%
91951-68YankeesCFMickey Mantle
90%
231988-2009Mariners, Diamondbacks, othersLHPRandy Johnson
90%
41939-60Red SoxLFTed Williams
90%
121907-27SenatorsRHPWalter Johnson
90%
111923-39Yankees1BLou Gehrig
86%
192001-presentCardinals, Angels1BAlbert Pujols
85%
431955-77Orioles3BBrooks Robinson
85%
311981-2001OriolesSS/3BCal Ripken Jr.
85%
221956-76Reds, Orioles, othersOFFrank Robinson
85%
521947-56Dodgers2BJackie Robinson
85%
351966-93Mets, Angels, Astros, RangersRHPNolan Ryan
85%
71984-2007Red Sox, Blue Jays, Yankees, AstrosRHPRoger Clemens
85%
61905-28Tigers, A'sCFTy Cobb
85%
341989-2010Mariners, Reds, White SoxCFKen Griffey Jr.
84%
131986-2008Cubs, Braves, othersRHPGreg Maddux
83%
211936-51YankeesCFJoe DiMaggio
83%
331955-72PiratesRFRoberto Clemente
81%
271967-83RedsCJohnny Bench
80%
161972-89Phillies3BMike Schmidt
80%
551967-87A's, Yankees, othersOFReggie Jackson
80%
81941-63Cardinals1B/OFStan Musial
80%
491993-2012Braves3B/LFChipper Jones
79%
301973-93Royals3BGeorge Brett
79%
671995-presentYankeesRHPMariano Rivera
79%
371963-86Reds, Phillies, ExposOF/1BPete Rose
79%
601978-96Padres, CardinalsSSOzzie Smith
78%
411992-2009Dodgers, Expos, Red SoxRHPPedro Martinez
77%
611982-2001PadresOFTony Gwynn
77%
901988-2007AstrosC/2BCraig Biggio
76%
831986-2001Athletics, Cardinals1BMark McGwire
76%
141979-2003A's, Yankees, 7 othersLFRicky Henderson
76%
441955-66DodgersLHPSandy Koufax
76%
561946-65Yankees, MetsCYogi Berra
75%
171890-1911Spiders, AmericansRHPCy Young
74%
101897-1917PiratesSSHonus Wagner
74%
681991-2005Astros1BJeff Bagwell
74%
321959-75CardinalsRHPBob Gibson
72%
511953-71CubsSS/1BErnie Banks
72%
691990-2008White Sox, A's, Blue Jays1B/DHFrank Thomas
72%
931987-2008Braves, MetsLHPTom Glavine
71%
781992-2007Dodgers, Mets, othersCMike Piazza
70%
581974-93BrewersSS/CFRobin Yount
69%
951989-2007Rangers, White Sox, Cubs, OriolesRFSammy Sosa
69%
241967-86Mets, Reds, othersRHPTom Seaver
67%
541982-99Red Sox, Yankees, Rays3BWade Boggs
66%
941991-presentIndians, Phillies, White Sox, Dodgers, Twins, Orioles1B/DHJim Thome
65%
201963-84Astros, Reds, others2BJoe Morgan
64%
751988-2009Braves, Red Sox, CardinalsRHPJohn Smoltz
64%
741986-2004RedsSSBarry Larkin
62%
861974-92Expos, Mets, othersCGary Carter
62%
841962-82Pirates1BWillie Stargell
62%
461953-74TigersRFAl Kaline
60%
761969-93Red Sox, White SoxCCarlton Fisk
60%
851993-2011Indians, Red Sox, Dodgers, White Sox, RaysLFManny Ramirez
60%
391952-68Braves, Astros, Tigers3BEddie Mathews
59%
891965-84OriolesRHPJim Palmer
59%
771978-98Brewers, Blue Jays, TwinsINF/DHPaul Molitor
58%
531967-85Twins, Angels2B/1BRod Carew
58%
281925-45Red Sox, A's, others1BJimmie Foxx
57%
261965-88Phillies, Cardinals, othersLHPSteve Carlton
57%
401961-83Red SoxLFCarl Yastrzemski
56%
921998-presentBlue Jays, PhilliesRHPRoy Halladay
56%
571959-80Giants, Padres, A's1BWillie McCovey
56%
651977-97Orioles, Dodgers, others1BEddie Murray
54%
731988-2004Blue Jays, Orioles, others2BRoberto Alomar
54%
591936-56IndiansRHPBob Feller
53%
641954-75Senators, Twins, Royals3BHarmon Killebrew
53%
151915-37Cardinals, Cubs, others2BRogers Hornsby
52%
291900-16Giants, RedsRHPChristy Mathewson
49%
451942-65Braves, Mets, GiantsLHPWarren Spahn
46%
361926-47GiantsRF/3BMel Ott
43%
1001964-87Braves, Yankees, othersPitcherPhil Niekro
42%
251907-28Red Sox, Indians, othersCFTris Speaker
42%
631930-47Tigers, Pirates1B/OFHank Greenberg
41%
961979-2002Expos, Yankees, othersLFTim Raines
41%
811947-64Dodgers, Mets, GiantsCFDuke Snider
40%
471925-41A's, Red SoxLHPLefty Grove
38%
971960-74Cubs, White Sox3BRon Santo
38%
481896-1916Phillies, A's, Indians2BNap Lajoie
36%
621965-83Phillies, Cubs, othersRHPFerguson Jenkins
34%
661962-85Giants, Indians, othersRHPGaylord Perry
34%
701960-1975Giants, Red Sox, DodgersRHPJuan Marichal
34%
721970-92Twins, Pirates, othersRHPBert Blyleven
33%
881871-97Forest Citys, Athletics, White Stockings1BCap Anson
31%
501911-1930Phillies, Cubs, CardinalsRHPPete Alexander
29%
421906-30White Sox, A's2BEddie Collins
27%
791948-66Phillies, Orioles, othersRHPRobin Roberts
26%
911926-45Pirates, Braves, othersRFPaul Waner
22%
801924-42Tigers2BCharlie Gehringer
20%
991922-44A's, White Sox, othersOFAl Simmons
18%
871919-37Giants, Cardinals2BFrankie Frisch
15%
981926-45Red Sox, SenatorsSSJoe Cronin
14%
821890-1906Beaneaters, Cardinals, PhilliesRHPKid Nichols
11%

Score Distribution

Percentile by Number Answered

Percent of People with Each Score

Your Score History

You have not taken this quiz